| 000 | 00682nam a2200217 i 4500 | ||
|---|---|---|---|
| 001 | 22078 | ||
| 003 | ES-MaACL | ||
| 005 | 20250813040330.0 | ||
| 007 | t| | ||
| 008 | 021129s1961 sp ||||1| spa d | ||
| 080 | _a34(460.18)"12"(094.4) | ||
| 100 | 0 |
_aAlfonso _bX, _cRey de Castilla _919872 |
|
| 245 | 1 | 0 |
_aPartida segunda / _cAlfonso X el Sabio, Rey de Castilla. |
| 260 |
_aMadrid : _bPublicaciones EspaƱolas, _c1961. |
||
| 300 |
_a2 v. ; _c17 cm. |
||
| 490 | 1 |
_aEl libro para todos ; _v15-16 |
|
| 650 | 7 |
_aDerecho- _zCastilla (Reino) _2 _9165029 |
|
| 830 | 1 |
_aEl libro para todos ; _v15-16 _9182850 |
|
| 852 | 4 |
_aES-MaACL _jE-10106-07 |
|
| 999 |
_c22078 _d22078 |
||